Random Trivia - Statistics

General Stats
  • This quiz has been taken 50 times
  • The average score is 4 of 15
Answer Stats
Hint Answer % Correct
How many teaspoons are in a tablespoon? 3
85%
What is another term for a badminton bird? Shuttlecock
53%
What is the length of a US senator's term? 6 years
51%
What is a group of witches called? A coven
45%
What route runs from Chicago to Los Angeles? Route 66
45%
Which variety of gemstone is formed from natural volcanic glass? Obsidian
36%
What is Canada's $1 coin commonly referred to as? Loonie
32%
What off-road endurance race is named after the African capital where it usually ends? The Dakar Rally
11%
What is known throughout the world as the King of Fruits? Durian
9%
Autophobia is a fear of what? Being Alone
6%
How much wider is a tennis court during a doubles match than a singles match? 9 feet
4%
What was Babe Ruth's real name? George Herman Ruth
4%
What is Wales' national dish called? Cawl
2%
What is a brickfielder? Australian Wind
0%
What was the original name of the Popsicle? Eppsicles
0%
No matching quizzes found
Score Distribution
Percent of People with Each Score
Percentile by Number Answered
Your Score History
You have not taken this quiz